[Event "DVM U10 2023"]
[Site "Magdeburg GER"]
[Date "2023.12.27"]
[Round "1"]
[White "Mattar, Lukas"]
[Black "Shen, Tingrui"]
[Result "0-1"]
[Termination "normal"]
[Board "1.1"]
[WhiteElo "1395"]
[BlackElo "1884"]
[WhiteClock "00:39:24"]
[BlackClock "00:41:31"]
[WhiteTeam "SK 1926 Ettlingen"]
[BlackTeam "TV Tegernsee"]
[PlyCount "64"]
[WhiteFideId "34685898"]
[BlackFideId "34603441"]
[EventCountry "GER"]
[EventRounds "7"]
[EventType "team-swiss"]
[EventDate "2023.12.27"]

1. d4 {[%clk 00:55:10]} Nf6 {[%clk 00:54:52]} {[%emt 00:00:18]} 2. c4 {[%clk
00:55:09]} {[%emt 00:00:06]} e6 {[%clk 00:54:45]} {[%emt 00:00:12]} 3. Nc3
{[%clk 00:55:09]} {[%emt 00:00:05]} d5 {[%clk 00:54:40]} {[%emt 00:00:10]} 4.
cxd5 {[%clk 00:55:04]} {[%emt 00:00:10]} exd5 {[%clk 00:54:33]} {[%emt
00:00:12]} 5. Bg5 {[%clk 00:55:04]} {[%emt 00:00:05]} Nbd7 {[%clk 00:54:19]}
{[%emt 00:00:19]} 6. Nxd5 {[%clk 00:54:25]} {[%emt 00:00:45]} Nxd5 {[%clk
00:54:14]} {[%emt 00:00:09]} 7. Bxd8 {[%clk 00:54:12]} {[%emt 00:00:18]} Bb4+
{[%clk 00:54:14]} {[%emt 00:00:05]} 8. Qd2 {[%clk 00:54:10]} {[%emt 00:00:07]}
Bxd2+ {[%clk 00:54:08]} {[%emt 00:00:11]} 9. Kxd2 {[%clk 00:54:09]} {[%emt
00:00:06]} Kxd8 {[%emt 00:00:34]} 10. Ke1 {[%clk 00:53:37]} {[%emt 00:00:17]}
f5 {[%clk 00:53:45]} {[%emt 00:00:18]} 11. Nf3 {[%clk 00:53:35]} {[%emt
00:00:08]} Re8 {[%clk 00:53:09]} {[%emt 00:00:40]} 12. e3 {[%clk 00:53:21]}
{[%emt 00:00:20]} f4 {[%clk 00:52:27]} {[%emt 00:00:47]} 13. Bc4 {[%clk
00:52:48]} {[%emt 00:00:38]} N5b6 {[%clk 00:51:52]} {[%emt 00:00:40]} 14. Bd3
{[%clk 00:51:23]} {[%emt 00:01:30]} fxe3 {[%clk 00:51:52]} {[%emt 00:00:05]}
15. Bxh7 {[%clk 00:51:13]} {[%emt 00:00:15]} Nf6 {[%clk 00:51:36]} {[%emt
00:00:21]} 16. Bg6 {[%clk 00:50:52]} {[%emt 00:00:26]} exf2+ {[%clk 00:51:31]}
{[%emt 00:00:11]} 17. Kxf2 {[%clk 00:50:42]} {[%emt 00:00:13]} Re6 {[%clk
00:49:58]} {[%emt 00:01:39]} 18. Ne5 {[%clk 00:50:01]} {[%emt 00:00:46]} Ng4+
{[%clk 00:48:57]} {[%emt 00:01:05]} 19. Nxg4 {[%clk 00:49:37]} {[%emt
00:00:29]} Rxg6 {[%clk 00:48:51]} {[%emt 00:00:11]} 20. Ne5 {[%clk 00:49:27]}
{[%emt 00:00:16]} Rf6+ {[%clk 00:48:39]} {[%emt 00:00:16]} 21. Kg3 {[%clk
00:49:05]} {[%emt 00:00:27]} Be6 {[%clk 00:48:15]} {[%emt 00:00:29]} 22. a4
{[%clk 00:47:08]} {[%emt 00:02:03]} Ke7 {[%clk 00:47:41]} {[%emt 00:00:38]} 23.
Rac1 {[%clk 00:46:17]} {[%emt 00:00:57]} c6 {[%clk 00:47:32]} {[%emt 00:00:13]}
24. Rhe1 {[%clk 00:44:06]} {[%emt 00:02:16]} Rd8 {[%clk 00:46:47]} {[%emt
00:00:51]} 25. Nf3 {[%clk 00:43:08]} {[%emt 00:01:03]} Nxa4 {[%clk 00:44:54]}
{[%emt 00:01:58]} 26. b3 {[%clk 00:41:19]} {[%emt 00:01:54]} Nb6 {[%clk
00:44:39]} {[%emt 00:00:20]} 27. Rc5 {[%clk 00:41:08]} {[%emt 00:00:16]} Rd5
{[%clk 00:44:18]} {[%emt 00:00:25]} 28. Re5 {[%clk 00:40:33]} {[%emt 00:00:41]}
Rxc5 {[%clk 00:43:40]} {[%emt 00:00:43]} 29. dxc5 {[%clk 00:40:25]} {[%emt
00:00:13]} Nd7 {[%clk 00:43:25]} {[%emt 00:00:19]} 30. Rg5 {[%clk 00:40:20]}
{[%emt 00:00:10]} Kf7 {[%clk 00:42:50]} {[%emt 00:00:40]} 31. Nd4 {[%clk
00:39:48]} {[%emt 00:00:37]} a5 {[%clk 00:41:40]} {[%emt 00:01:15]} 32. Kh4
{[%clk 00:39:24]} {[%emt 00:00:30]} Rf4+ {[%clk 00:41:31]} {[%emt 00:00:14]}
0-1

[Event "DVM U10 2023"]
[Site "Magdeburg GER"]
[Date "2023.12.27"]
[Round "1"]
[White "Hagn, Tobias"]
[Black "Zhang, Jiahao"]
[Result "1/2-1/2"]
[Termination "normal"]
[Board "1.2"]
[WhiteElo "1385"]
[BlackElo "1156"]
[WhiteClock "00:20:00"]
[BlackClock "00:22:13"]
[WhiteTeam "TV Tegernsee"]
[BlackTeam "SK 1926 Ettlingen"]
[PlyCount "109"]
[WhiteFideId "34623728"]
[BlackFideId "34686550"]
[EventCountry "GER"]
[EventRounds "7"]
[EventType "team-swiss"]
[EventDate "2023.12.27"]

1. e4 {[%clk 00:55:06]} {[%emt 00:00:03]} e5 {[%clk 00:55:02]} {[%emt
00:00:08]} 2. Nf3 {[%clk 00:55:07]} {[%emt 00:00:04]} Nc6 {[%clk 00:54:54]}
{[%emt 00:00:13]} 3. d4 {[%clk 00:55:09]} {[%emt 00:00:03]} exd4 {[%clk
00:54:22]} {[%emt 00:00:37]} 4. Nxd4 {[%clk 00:55:10]} {[%emt 00:00:05]} Nf6
{[%clk 00:54:19]} {[%emt 00:00:07]} 5. Nc3 {[%clk 00:55:10]} {[%emt 00:00:05]}
Bc5 {[%clk 00:54:08]} {[%emt 00:00:15]} 6. Nxc6 {[%clk 00:54:50]} {[%emt
00:00:25]} bxc6 {[%clk 00:54:03]} {[%emt 00:00:10]} 7. e5 {[%clk 00:54:39]}
{[%emt 00:00:17]} Qe7 {[%clk 00:53:36]} {[%emt 00:00:32]} 8. Qe2 {[%clk
00:54:30]} {[%emt 00:00:14]} Nd5 {[%clk 00:53:17]} {[%emt 00:00:24]} 9. Nxd5
{[%clk 00:53:50]} {[%emt 00:00:45]} cxd5 {[%clk 00:53:06]} {[%emt 00:00:16]}
10. g3 {[%clk 00:53:02]} {[%emt 00:00:53]} Bb7 {[%clk 00:52:28]} {[%emt
00:00:43]} 11. Bg2 {[%clk 00:52:41]} {[%emt 00:00:25]} d6 {[%clk 00:52:19]}
{[%emt 00:00:15]} 12. exd6 {[%clk 00:51:37]} {[%emt 00:01:10]} Qxe2+ {[%clk
00:52:11]} {[%emt 00:00:12]} 13. Kxe2 {[%clk 00:51:35]} {[%emt 00:00:07]} Bxd6
{[%clk 00:52:10]} {[%emt 00:00:05]} 14. Be3 {[%clk 00:50:41]} {[%emt 00:01:00]}
O-O {[%clk 00:51:57]} {[%emt 00:00:19]} 15. Rad1 {[%clk 00:50:02]} {[%emt
00:00:43]} c6 {[%clk 00:51:39]} {[%emt 00:00:24]} 16. c4 {[%clk 00:49:52]}
{[%emt 00:00:15]} Ba6 {[%clk 00:51:27]} {[%emt 00:00:16]} 17. b3 {[%clk
00:49:28]} {[%emt 00:00:29]} Be5 {[%clk 00:51:04]} {[%emt 00:00:28]} 18. f4
{[%clk 00:48:30]} {[%emt 00:01:03]} Bf6 {[%clk 00:50:48]} {[%emt 00:00:21]} 19.
Kf2 {[%clk 00:47:42]} {[%emt 00:00:52]} dxc4 {[%clk 00:50:25]} {[%emt
00:00:29]} 20. bxc4 {[%clk 00:46:59]} {[%emt 00:00:48]} Bxc4 {[%clk 00:50:09]}
{[%emt 00:00:22]} 21. Bxc6 {[%clk 00:46:40]} {[%emt 00:00:23]} Rac8 {[%clk
00:49:50]} {[%emt 00:00:23]} 22. Be4 {[%clk 00:46:12]} {[%emt 00:00:34]} Bxa2
{[%clk 00:49:20]} {[%emt 00:00:34]} 23. h4 {[%clk 00:45:57]} {[%emt 00:00:21]}
Rfe8 {[%clk 00:48:17]} {[%emt 00:01:08]} 24. Kf3 {[%clk 00:45:41]} {[%emt
00:00:22]} Rc7 {[%clk 00:44:55]} {[%emt 00:03:27]} 25. g4 {[%clk 00:45:04]}
{[%emt 00:00:41]} Rce7 {[%clk 00:44:37]} {[%emt 00:00:22]} 26. Bc6 {[%clk
00:32:44]} {[%emt 00:12:26]} Rxe3+ {[%clk 00:43:55]} {[%emt 00:00:47]} 27. Kf2
{[%clk 00:32:43]} {[%emt 00:00:06]} Re2+ {[%clk 00:43:06]} {[%emt 00:00:53]}
28. Kf1 {[%clk 00:32:29]} {[%emt 00:00:20]} R8e6 {[%clk 00:42:48]} {[%emt
00:00:23]} 29. f5 {[%clk 00:32:00]} {[%emt 00:00:35]} R6e5 {[%clk 00:42:29]}
{[%emt 00:00:23]} 30. g5 {[%clk 00:31:51]} {[%emt 00:00:13]} Bc4 {[%clk
00:40:38]} {[%emt 00:01:58]} 31. Kg1 {[%clk 00:27:07]} {[%emt 00:04:48]} Re1+
{[%clk 00:40:11]} {[%emt 00:00:32]} 32. Kh2 {[%clk 00:26:42]} {[%emt 00:00:30]}
R5e2+ {[%clk 00:37:36]} {[%emt 00:02:40]} 33. Kg3 {[%clk 00:26:27]} {[%emt
00:00:20]} Rxh1 {[%clk 00:36:23]} {[%emt 00:01:18]} 34. Bxh1 {[%clk 00:26:12]}
{[%emt 00:00:20]} Be5+ {[%clk 00:34:13]} {[%emt 00:02:15]} 35. Kf3 {[%clk
00:26:03]} {[%emt 00:00:15]} Kf8 {[%clk 00:33:47]} {[%emt 00:00:31]} 36. Rc1
{[%clk 00:25:52]} {[%emt 00:00:15]} Bb5 {[%clk 00:33:07]} {[%emt 00:00:43]} 37.
Rc5 {[%clk 00:25:45]} {[%emt 00:00:14]} a6 {[%clk 00:32:46]} {[%emt 00:00:26]}
38. Rxb5 {[%clk 00:25:06]} {[%emt 00:00:44]} axb5 {[%clk 00:32:28]} {[%emt
00:00:23]} 39. Kxe2 {[%clk 00:25:02]} {[%emt 00:00:10]} b4 {[%clk 00:32:01]}
{[%emt 00:00:32]} 40. Bd5 {[%clk 00:24:32]} {[%emt 00:00:34]} f6 {[%clk
00:30:46]} {[%emt 00:01:21]} 41. Kf3 {[%clk 00:23:17]} {[%emt 00:01:20]} fxg5
{[%clk 00:29:35]} {[%emt 00:01:16]} 42. hxg5 {[%clk 00:23:09]} {[%emt
00:00:12]} h6 {[%clk 00:27:58]} {[%emt 00:01:41]} 43. gxh6 {[%clk 00:22:15]}
{[%emt 00:01:00]} gxh6 {[%clk 00:27:33]} {[%emt 00:00:31]} 44. Kg4 {[%clk
00:21:49]} {[%emt 00:00:27]} Ke7 {[%clk 00:27:12]} {[%emt 00:00:29]} 45. Kh5
{[%clk 00:21:38]} {[%emt 00:00:16]} Kf6 {[%clk 00:26:54]} {[%emt 00:00:23]} 46.
Kxh6 {[%clk 00:21:31]} {[%emt 00:00:13]} Kxf5 {[%clk 00:26:50]} {[%emt
00:00:09]} 47. Bg8 {[%clk 00:21:26]} {[%emt 00:00:09]} Kf6 {[%clk 00:24:52]}
{[%emt 00:02:02]} 48. Kh5 {[%clk 00:21:20]} {[%emt 00:00:12]} Kg7 {[%clk
00:24:14]} {[%emt 00:00:41]} 49. Bc4 {[%clk 00:21:16]} {[%emt 00:00:11]} Kf6
{[%clk 00:23:54]} {[%emt 00:00:24]} 50. Kg4 {[%clk 00:21:15]} {[%emt 00:00:07]}
Bc3 {[%clk 00:23:23]} {[%emt 00:00:36]} 51. Kf4 {[%clk 00:21:11]} {[%emt
00:00:09]} Ke7 {[%clk 00:23:01]} {[%emt 00:00:28]} 52. Ke4 {[%clk 00:21:03]}
{[%emt 00:00:12]} Kd6 {[%clk 00:22:52]} {[%emt 00:00:14]} 53. Bg8 {[%clk
00:20:21]} {[%emt 00:00:48]} Kc5 {[%clk 00:22:24]} {[%emt 00:00:32]} 54. Bf7
{[%clk 00:20:05]} {[%emt 00:00:21]} Kb5 {[%clk 00:22:13]} {[%emt 00:00:16]} 55.
Bb3 {[%clk 00:20:00]} {[%emt 00:00:10]} 1/2-1/2

[Event "DVM U10 2023"]
[Site "Magdeburg GER"]
[Date "2023.12.27"]
[Round "1"]
[White "Faisz, David"]
[Black "Serwane, Ruben"]
[Result "1/2-1/2"]
[Termination "normal"]
[Board "1.3"]
[WhiteElo "1112"]
[BlackElo "1636"]
[WhiteClock "00:22:30"]
[BlackClock "00:07:43"]
[WhiteTeam "SK 1926 Ettlingen"]
[BlackTeam "TV Tegernsee"]
[PlyCount "108"]
[WhiteFideId "34650989"]
[BlackFideId "34660232"]
[EventCountry "GER"]
[EventRounds "7"]
[EventType "team-swiss"]
[EventDate "2023.12.27"]

1. e4 {[%clk 00:55:09]} {[%emt 00:00:01]} e5 {[%clk 00:55:05]} {[%emt
00:00:05]} 2. Nc3 {[%clk 00:55:09]} {[%emt 00:00:06]} Nf6 {[%clk 00:54:56]}
{[%emt 00:00:13]} 3. f4 {[%clk 00:55:08]} {[%emt 00:00:06]} d6 {[%clk
00:52:32]} {[%emt 00:02:28]} 4. Nf3 {[%clk 00:54:23]} {[%emt 00:00:51]} Bg4
{[%clk 00:51:55]} {[%emt 00:00:42]} 5. Be2 {[%clk 00:53:55]} {[%emt 00:00:33]}
a6 {[%clk 00:51:01]} {[%emt 00:00:59]} 6. O-O {[%clk 00:53:28]} {[%emt
00:00:31]} Bxf3 {[%clk 00:48:48]} {[%emt 00:02:19]} 7. Bxf3 {[%clk 00:52:29]}
{[%emt 00:01:03]} Be7 {[%clk 00:48:22]} {[%emt 00:00:31]} 8. d3 {[%clk
00:49:27]} {[%emt 00:03:07]} Nc6 {[%clk 00:47:41]} {[%emt 00:00:47]} 9. Nd5
{[%clk 00:49:00]} {[%emt 00:00:32]} Nd4 {[%clk 00:43:50]} {[%emt 00:03:55]} 10.
c3 {[%clk 00:48:17]} {[%emt 00:00:49]} Nxf3+ {[%clk 00:40:41]} {[%emt
00:03:14]} 11. Qxf3 {[%clk 00:46:54]} {[%emt 00:01:27]} Nxd5 {[%clk 00:38:20]}
{[%emt 00:02:27]} 12. exd5 {[%clk 00:46:26]} {[%emt 00:00:33]} f6 {[%clk
00:37:10]} {[%emt 00:01:15]} 13. d4 {[%clk 00:45:36]} {[%emt 00:00:55]} exd4
{[%clk 00:36:49]} {[%emt 00:00:26]} 14. cxd4 {[%clk 00:45:29]} {[%emt
00:00:12]} Qd7 {[%clk 00:36:13]} {[%emt 00:00:41]} 15. Re1 {[%clk 00:43:35]}
{[%emt 00:01:58]} O-O-O {[%clk 00:34:47]} {[%emt 00:01:31]} 16. Bd2 {[%clk
00:43:05]} {[%emt 00:00:36]} g5 {[%clk 00:33:22]} {[%emt 00:01:30]} 17. f5
{[%clk 00:41:24]} {[%emt 00:01:46]} h5 {[%clk 00:33:08]} {[%emt 00:00:19]} 18.
g4 {[%clk 00:40:06]} {[%emt 00:01:23]} hxg4 {[%clk 00:32:49]} {[%emt 00:00:25]}
19. Qxg4 {[%clk 00:40:05]} {[%emt 00:00:05]} Rh4 {[%clk 00:32:41]} {[%emt
00:00:13]} 20. Qf3 {[%clk 00:39:37]} {[%emt 00:00:33]} Rdh8 {[%clk 00:31:24]}
{[%emt 00:01:21]} 21. Re2 {[%clk 00:39:15]} {[%emt 00:00:27]} Rxd4 {[%clk
00:26:28]} {[%emt 00:05:01]} 22. Qe3 {[%clk 00:37:32]} {[%emt 00:01:49]} Rg4+
{[%clk 00:25:39]} {[%emt 00:00:53]} 23. Kh1 {[%clk 00:37:11]} {[%emt 00:00:27]}
Qxf5 {[%clk 00:25:19]} {[%emt 00:00:25]} 24. Qe6+ {[%clk 00:36:38]} {[%emt
00:00:37]} Qxe6 {[%clk 00:25:11]} {[%emt 00:00:13]} 25. Rxe6 {[%clk 00:36:29]}
{[%emt 00:00:14]} Kd7 {[%clk 00:24:56]} {[%emt 00:00:21]} 26. Rae1 {[%clk
00:36:07]} {[%emt 00:00:27]} Rh7 {[%clk 00:24:33]} {[%emt 00:00:27]} 27. Bc3
{[%clk 00:35:55]} {[%emt 00:00:18]} Rgh4 {[%clk 00:24:00]} {[%emt 00:00:38]}
28. R1e2 {[%clk 00:35:24]} {[%emt 00:00:35]} f5 {[%clk 00:23:28]} {[%emt
00:00:38]} 29. Bf6 {[%clk 00:31:33]} {[%emt 00:03:56]} Bxf6 {[%clk 00:23:26]}
{[%emt 00:00:06]} 30. Rxf6 {[%clk 00:31:05]} {[%emt 00:00:11]} g4 {[%clk
00:22:54]} {[%emt 00:00:59]} 31. Kg1 {[%clk 00:29:57]} {[%emt 00:01:13]} R4h5
{[%clk 00:22:12]} {[%emt 00:00:47]} 32. Rf2 {[%clk 00:29:49]} {[%emt 00:00:13]}
c6 {[%clk 00:20:13]} {[%emt 00:02:04]} 33. dxc6+ {[%clk 00:29:07]} {[%emt
00:00:57]} bxc6 {[%clk 00:19:57]} {[%emt 00:00:21]} 34. R6xf5 {[%clk 00:28:38]}
{[%emt 00:00:34]} Rxf5 {[%clk 00:19:45]} {[%emt 00:00:17]} 35. Rxf5 {[%clk
00:28:33]} {[%emt 00:00:10]} Rg7 {[%clk 00:19:45]} {[%emt 00:00:05]} 36. Kg2
{[%clk 00:27:44]} {[%emt 00:00:55]} c5 {[%clk 00:19:18]} {[%emt 00:00:32]} 37.
Kf2 {[%clk 00:27:13]} {[%emt 00:00:35]} Ke6 {[%clk 00:19:14]} {[%emt 00:00:10]}
38. Rf4 {[%clk 00:27:02]} {[%emt 00:00:16]} Rh7 {[%clk 00:16:54]} {[%emt
00:02:24]} 39. Kg3 {[%clk 00:26:58]} {[%emt 00:00:09]} Rh3+ {[%clk 00:16:48]}
{[%emt 00:00:11]} 40. Kg2 {[%clk 00:26:23]} {[%emt 00:00:40]} Re3 {[%clk
00:15:29]} {[%emt 00:01:24]} 41. Rf2 {[%clk 00:26:18]} {[%emt 00:00:11]} d5
{[%clk 00:15:02]} {[%emt 00:00:32]} 42. Rc2 {[%clk 00:26:01]} {[%emt 00:00:21]}
Kd6 {[%clk 00:14:43]} {[%emt 00:00:25]} 43. Kf2 {[%clk 00:25:54]} {[%emt
00:00:11]} d4 {[%clk 00:14:15]} {[%emt 00:00:33]} 44. Rd2 {[%clk 00:25:46]}
{[%emt 00:00:13]} Kd5 {[%clk 00:14:00]} {[%emt 00:00:21]} 45. Rd1 {[%clk
00:25:08]} {[%emt 00:00:44]} c4 {[%clk 00:13:40]} {[%emt 00:00:24]} 46. Rd2
{[%clk 00:24:40]} {[%emt 00:00:30]} Rd3 {[%clk 00:13:27]} {[%emt 00:00:20]} 47.
Rxd3 {[%clk 00:24:28]} {[%emt 00:00:18]} cxd3 {[%clk 00:13:25]} {[%emt
00:00:07]} 48. Ke1 {[%clk 00:24:32]} Kc4 {[%clk 00:11:27]} {[%emt 00:02:03]}
49. Kd2 {[%clk 00:24:22]} {[%emt 00:00:16]} a5 {[%clk 00:10:20]} {[%emt
00:01:12]} 50. b3+ {[%clk 00:24:05]} {[%emt 00:00:23]} Kb4 {[%clk 00:09:56]}
{[%emt 00:00:28]} 51. Kxd3 {[%clk 00:23:15]} {[%emt 00:00:55]} Ka3 {[%clk
00:09:55]} {[%emt 00:00:06]} 52. Kxd4 {[%clk 00:23:02]} {[%emt 00:00:17]} Kxa2
{[%clk 00:09:47]} {[%emt 00:00:14]} 53. Kc4 {[%clk 00:23:06]} Kb2 {[%clk
00:09:03]} {[%emt 00:00:49]} 54. b4 {[%clk 00:22:30]} {[%emt 00:00:41]} axb4
{[%clk 00:07:43]} {[%emt 00:01:26]} 1/2-1/2

[Event "DVM U10 2023"]
[Site "Magdeburg GER"]
[Date "2023.12.27"]
[Round "1"]
[White "Merle, Atreyu Lukas"]
[Black "Wehr, Adrian"]
[Result "1-0"]
[Termination "normal"]
[Board "1.4"]
[WhiteElo "1075"]
[BlackElo "814"]
[WhiteClock "00:19:01"]
[BlackClock "00:33:54"]
[WhiteTeam "TV Tegernsee"]
[BlackTeam "SK 1926 Ettlingen"]
[PlyCount "71"]
[WhiteFideId "34670033"]
[BlackFideId "34686037"]
[EventCountry "GER"]
[EventRounds "7"]
[EventType "team-swiss"]
[EventDate "2023.12.27"]

1. e4 {[%clk 00:55:08]} e5 {[%clk 00:54:59]} {[%emt 00:00:11]} 2. Nf3 {[%clk
00:55:08]} {[%emt 00:00:05]} Nf6 {[%emt 00:00:46]} 3. Nxe5 {[%emt 00:00:11]} d6
{[%clk 00:53:51]} {[%emt 00:00:16]} 4. Nf3 {[%clk 00:55:06]} {[%emt 00:00:07]}
Nxe4 {[%clk 00:53:22]} {[%emt 00:00:34]} 5. Nc3 {[%clk 00:54:57]} {[%emt
00:00:14]} Nxc3 {[%clk 00:53:09]} {[%emt 00:00:19]} 6. bxc3 {[%clk 00:54:54]}
{[%emt 00:00:08]} Be6 {[%clk 00:52:25]} {[%emt 00:00:45]} 7. g3 {[%clk
00:54:24]} {[%emt 00:00:38]} Be7 {[%clk 00:51:52]} {[%emt 00:00:21]} 8. Bg2
{[%clk 00:54:15]} {[%emt 00:00:30]} O-O {[%clk 00:51:42]} {[%emt 00:00:16]} 9.
O-O {[%clk 00:54:05]} {[%emt 00:00:15]} h6 {[%clk 00:51:21]} {[%emt 00:00:10]}
10. Ba3 {[%clk 00:53:49]} {[%emt 00:00:38]} Qd7 {[%clk 00:51:05]} {[%emt
00:00:16]} 11. Re1 {[%clk 00:52:52]} {[%emt 00:01:06]} Bg4 {[%clk 00:50:48]}
{[%emt 00:00:20]} 12. Qe2 {[%clk 00:52:17]} {[%emt 00:00:42]} Nc6 {[%clk
00:49:55]} {[%emt 00:00:27]} 13. Qe4 {[%clk 00:48:37]} {[%emt 00:04:16]} Rae8
{[%emt 00:00:40]} 14. Qc4 {[%emt 00:00:47]} d5 {[%clk 00:47:53]} {[%emt
00:00:40]} 15. Qb3 {[%clk 00:47:21]} {[%emt 00:01:20]} Na5 {[%clk 00:45:41]}
{[%emt 00:02:18]} 16. Qb2 {[%clk 00:46:42]} {[%emt 00:00:45]} b6 {[%clk
00:43:34]} {[%emt 00:02:12]} 17. Bxe7 {[%clk 00:38:23]} {[%emt 00:08:23]} Nc4
{[%clk 00:43:13]} {[%emt 00:00:26]} 18. Qb4 {[%clk 00:37:43]} {[%emt 00:00:45]}
c5 {[%clk 00:42:16]} {[%emt 00:00:35]} 19. Bxc5 {[%clk 00:37:25]} {[%emt
00:00:49]} a5 {[%clk 00:42:02]} {[%emt 00:00:19]} 20. Qb3 {[%clk 00:36:58]}
{[%emt 00:00:32]} bxc5 {[%clk 00:41:35]} {[%emt 00:00:32]} 21. d3 {[%clk
00:29:11]} {[%emt 00:07:53]} a4 {[%clk 00:41:24]} {[%emt 00:00:16]} 22. Qb1
{[%clk 00:27:32]} {[%emt 00:01:45]} Nd2 {[%clk 00:41:06]} {[%emt 00:00:22]} 23.
Nxd2 {[%clk 00:27:03]} {[%emt 00:00:33]} Re7 {[%clk 00:40:10]} {[%emt
00:00:49]} 24. c4 {[%clk 00:25:35]} {[%emt 00:01:46]} Rfe8 {[%clk 00:40:03]}
{[%emt 00:00:12]} 25. Rxe7 {[%clk 00:24:31]} {[%emt 00:01:09]} Rxe7 {[%clk
00:39:01]} {[%emt 00:01:07]} 26. Bxd5 {[%clk 00:22:05]} {[%emt 00:02:31]} Qe8
{[%clk 00:38:45]} {[%emt 00:00:14]} 27. Ne4 {[%clk 00:21:17]} {[%emt 00:01:00]}
Bf3 {[%clk 00:37:47]} {[%emt 00:00:40]} 28. Nf6+ {[%clk 00:20:09]} {[%emt
00:01:36]} gxf6 {[%emt 00:00:16]} 29. Bxf3 {[%emt 00:00:25]} Re1+ {[%clk
00:36:22]} {[%emt 00:00:50]} 30. Qxe1 {[%clk 00:19:58]} {[%emt 00:00:15]} Qxe1+
{[%emt 00:00:22]} 31. Rxe1 {[%emt 00:00:08]} Kg7 {[%clk 00:35:07]} {[%emt
00:00:31]} 32. Bc6 {[%clk 00:19:36]} {[%emt 00:00:46]} f5 {[%emt 00:00:15]} 33.
Bxa4 {[%emt 00:00:15]} f6 {[%emt 00:00:02]} 34. Re7+ {[%emt 00:00:19]} Kg6
{[%clk 00:34:16]} {[%emt 00:00:03]} 35. Be8+ {[%clk 00:19:31]} {[%emt
00:00:12]} Kg5 {[%clk 00:33:54]} {[%emt 00:00:26]} 36. Rg7# {[%clk 00:19:01]}
{[%emt 00:00:34]} 1-0

[Event "DVM U10 2023"]
[Site "Magdeburg GER"]
[Date "2023.12.27"]
[Round "1"]
[White "Sutharjan, Dakxwin"]
[Black "Geschke, Jonathan"]
[Result "1-0"]
[Termination "normal"]
[Board "2.1"]
[WhiteElo "1658"]
[BlackElo "1424"]
[WhiteClock "00:38:47"]
[BlackClock "00:10:25"]
[WhiteTeam "SF Brackel 1930"]
[BlackTeam "SG Porz"]
[PlyCount "52"]
[WhiteFideId "34606548"]
[BlackFideId "34636129"]
[EventCountry "GER"]
[EventRounds "7"]
[EventType "team-swiss"]
[EventDate "2023.12.27"]

1. e4 {[%clk 00:55:08]} {[%emt 00:00:01]} e5 {[%clk 00:55:04]} {[%emt
00:00:07]} 2. Nf3 {[%clk 00:55:02]} {[%emt 00:00:10]} Nc6 {[%clk 00:55:03]}
{[%emt 00:00:07]} 3. d4 {[%clk 00:55:02]} {[%emt 00:00:05]} exd4 {[%clk
00:54:58]} {[%emt 00:00:10]} 4. Nxd4 {[%clk 00:54:58]} {[%emt 00:00:09]} Nxd4
{[%clk 00:53:32]} {[%emt 00:01:30]} 5. Qxd4 {[%clk 00:54:55]} {[%emt 00:00:07]}
d6 {[%clk 00:53:33]} {[%emt 00:00:05]} 6. Bc4 {[%clk 00:54:28]} {[%emt
00:00:32]} Nf6 {[%clk 00:52:46]} {[%emt 00:00:52]} 7. Bg5 {[%clk 00:53:45]}
{[%emt 00:00:48]} Be7 {[%clk 00:52:00]} {[%emt 00:00:51]} 8. Nc3 {[%clk
00:53:08]} {[%emt 00:00:42]} h6 {[%clk 00:51:19]} {[%emt 00:00:46]} 9. Bh4
{[%clk 00:52:36]} {[%emt 00:00:37]} a6 {[%clk 00:49:11]} {[%emt 00:02:14]} 10.
a4 {[%clk 00:48:52]} {[%emt 00:03:49]} Be6 {[%clk 00:47:04]} {[%emt 00:02:11]}
11. Bxe6 {[%clk 00:47:54]} {[%emt 00:01:03]} fxe6 {[%clk 00:46:54]} {[%emt
00:00:15]} 12. O-O {[%clk 00:47:12]} {[%emt 00:00:47]} e5 {[%clk 00:45:59]}
{[%emt 00:01:01]} 13. Qc4 {[%clk 00:47:10]} {[%emt 00:00:06]} g5 {[%clk
00:45:30]} {[%emt 00:00:34]} 14. Bg3 {[%clk 00:46:43]} {[%emt 00:00:33]} Nh5
{[%clk 00:43:26]} {[%emt 00:02:08]} 15. Qe6 {[%clk 00:46:06]} {[%emt 00:00:42]}
Nf4 {[%clk 00:42:16]} {[%emt 00:01:15]} 16. Bxf4 {[%clk 00:45:25]} {[%emt
00:00:47]} exf4 {[%clk 00:40:34]} {[%emt 00:01:46]} 17. Nd5 {[%clk 00:45:11]}
{[%emt 00:00:19]} Rf8 {[%clk 00:37:28]} {[%emt 00:03:11]} 18. e5 {[%clk
00:43:00]} {[%emt 00:02:17]} dxe5 {[%clk 00:29:06]} {[%emt 00:08:26]} 19. Qxe5
{[%clk 00:42:50]} {[%emt 00:00:14]} Rc8 {[%clk 00:25:48]} {[%emt 00:03:24]} 20.
Rfe1 {[%clk 00:42:07]} {[%emt 00:00:48]} Rf7 {[%clk 00:24:40]} {[%emt
00:01:13]} 21. Qe6 {[%clk 00:39:26]} {[%emt 00:02:46]} Qd7 {[%clk 00:22:18]}
{[%emt 00:02:27]} 22. Nf6+ {[%clk 00:39:14]} {[%emt 00:00:16]} Rxf6 {[%clk
00:21:42]} {[%emt 00:00:42]} 23. Qxf6 {[%clk 00:39:13]} {[%emt 00:00:06]} Qd6
{[%clk 00:21:15]} {[%emt 00:00:30]} 24. Qg7 {[%clk 00:39:02]} {[%emt 00:00:18]}
Qc5 {[%clk 00:18:40]} {[%emt 00:02:40]} 25. Rad1 {[%clk 00:38:53]} {[%emt
00:00:14]} Qd6 {[%clk 00:11:14]} {[%emt 00:07:32]} 26. Rxd6 {[%clk 00:38:47]}
{[%emt 00:00:10]} Ra8 {[%clk 00:10:25]} {[%emt 00:00:24]} 1-0